| 000 | 00998nam a2200301Ia 4500 | ||
|---|---|---|---|
| 003 | IN-BaIIA | ||
| 008 | 211028s9999 xx s 000 0 eng d | ||
| 020 | _a978-3-642-34311-7 (Print) | ||
| 020 | _a978-3-642-34312-4 (Online) | ||
| 022 | _a0933-033X (Print) | ||
| 022 | _a2196-2812 (Online) | ||
| 040 | _cIIA Library | ||
| 100 |
_aShinde, Kartik N. _939282 |
||
| 245 | 0 |
_aPhosphate Phosphors for Solid-State Lighting _h[eBook] |
|
| 260 |
_aHeidelberg, Berlin _bSpringer Berlin Heidelberg _c2012 |
||
| 300 | _aOnline resource | ||
| 490 | _aSpringer Series in Materials Science | ||
| 650 |
_a Energy Efficiency _939129 |
||
| 650 |
_a Energy Systems _921910 |
||
| 650 | _a Optical and Electronic Materials | ||
| 650 | _a Solid State Physics | ||
| 650 | _aMaterials Science | ||
| 700 |
_aDhoble, S. J. _939283 |
||
| 700 |
_aPark, Kyeongsoon _939284 |
||
| 700 |
_aSwart, H.C. _939285 |
||
| 856 |
_uhttp://doi.org/10.1007/978-3-642-34312-4 _yClick Here to Access eBook |
||
| 942 | _cEB | ||
| 999 |
_c21204 _d21204 |
||